UBT Library

Hard choices : (Record no. 489)

000 -LEADER
fixed length control field 00473nam a22001577a 4500
008 - FIXED-LENGTH DATA ELEMENTS--GENERAL INFORMATION
fixed length control field 140609b xxu||||| |||| 00| 0 eng d
020 ## - INTERNATIONAL STANDARD BOOK NUMBER
International Standard Book Number 0847690318
041 0# - LANGUAGE CODE
Language code of text/sound track or separate title eng
080 ## - UNIVERSAL DECIMAL CLASSIFICATION NUMBER
Universal Decimal Classification number 362.1
245 ## - TITLE STATEMENT
Title Hard choices :
Statement of responsibility, etc edited by Jonathan Moore.
260 ## -
-- Lanham, Md. :
-- Rowman & Littlefield Publishers,
-- 1998.
300 ## -
-- 322 f.:
-- 22 cm.
500 ## -
-- Index: f. 303-315
650 #0 -
-- Ndihma humanitare
942 ## - ADDED ENTRY ELEMENTS (KOHA)
Source of classification or shelving scheme
Item type Books
Holdings
Withdrawn status Lost status Source of classification or shelving scheme Damaged status Not for loan Collection code Permanent location Current location Shelving location Date acquired Total Checkouts Full call number Barcode Date last seen Koha item type
          Koleksioni i përgjithshem UBT - Prishtine UBT - Prishtine Koleksioni i përgjithshem 06/09/2014   362.1 HAR 001-000571 06/09/2014 Books
UBT Library © 2015-2024. All rights reserved University Education for Business and Technology